| 000 | 00944nam a22002657a 4500 | ||
|---|---|---|---|
| 001 | BR2019000886 | ||
| 003 | BR-BrBNA | ||
| 005 | 20250203143328.0 | ||
| 007 | ta | ||
| 008 | 230509b bl.||||| |||| 00| 0 por d | ||
| 020 | _a978-85-7991-101-9 | ||
| 040 |
_aBR-BrBNA _bpor _cBiblioteca Nacional de Agricultura |
||
| 041 | _a(Por) | ||
| 072 |
_aM01 _b8100 |
||
| 100 | 1 | _aMabília, R.G. (org.) | |
| 110 | 1 |
_aMinistério da Agricultura, Pecuária e Abastecimento, Brasília, DF (Brasil). Secretaria de Defesa Agropecuária _96721 |
|
| 245 | 1 | _aManual de inspeção para identificação de espécies de peixes e valores indicativos de substituições em produtos da pesca e aquicultura | |
| 260 | 3 |
_aBrasília, DF (Brasil): _c2016. |
|
| 300 | _a188 p. | ||
| 500 | _a315 illus. | ||
| 650 | _aPESCA | ||
| 650 | _aAQÜICULTURA | ||
| 856 | _uhttps://repositorio-dspace.agricultura.gov.br/bitstream/1/1460/1/br2016001582.pdf | ||
| 942 |
_cBK _2AGRIS |
||
| 999 |
_c85080 _d85080 |
||